[Event "NCL978 NW Eagles-Slough"]
[Site "Rd1"]
[Date "1997.10.25"]
[Round "1.1"]
[White "Tebb, David"]
[Black "Wells, Peter"]
[Result "0-1"]
[WhiteElo "2280"]
[BlackElo "2530"]
[PlyCount "116"]
[EventDate "1997.10.25"]
[Source "4NCL"]
[SourceDate "1998.01.01"]

1. e4 c5 2. c3 Nf6 3. e5 Nd5 4. d4 cxd4 5. Nf3 Nc6 6. Bc4 Nb6 7. Bb3 d6 8. exd6
Qxd6 9. O-O Be6 10. Na3 Bxb3 11. Qxb3 Qd5 12. Nb5 Rc8 13. Re1 e6 14. Nbxd4 Nxd4
15. Nxd4 {(Draw offer)} Bc5 16. Qb5+ Qd7 17. Be3 Nd5 18. Qxd7+ Kxd7 19. Rad1
Nxe3 20. Rxe3 Ke7 21. Red3 Rhd8 22. Kf1 Bb6 23. Ke2 g6 24. f4 Rc4 25. b3 Rc5
26. Nf3 Rxd3 27. Rxd3 Bc7 28. g3 b5 29. Kd2 h6 30. Rd4 g5 31. fxg5 hxg5 32. a4
Bb6 33. Rg4 bxa4 34. Rxa4 Rb5 35. b4 Rf5 36. Ke2 g4 37. Nd4 Rh5 38. Nc6+ Kd7
39. Nxa7 Rxh2+ 40. Kd3 Rg2 41. c4 Rxg3+ 42. Ke2 Re3+ 43. Kf1 Re4 44. Ra6 Bc7
45. b5 Rxc4 46. b6 Bb8 47. Ra1 Rb4 48. Rd1+ Bd6 49. Nc8 Kxc8 50. Rxd6 Rf4+ 51.
Kg2 Rf3 52. Rd4 f5 53. Rd6 e5 54. Re6 e4 55. Re7 e3 56. Kg1 f4 57. Kg2 Rf2+ 58.
Kg1 g3 0-1

[Event "NCL978 NW Eagles-Slough"]
[Site "Rd1"]
[Date "1997.10.25"]
[Round "1.2"]
[White "Summerscale, Aaron"]
[Black "Littlewood, John"]
[Result "1/2-1/2"]
[WhiteElo "2420"]
[BlackElo "2285"]
[PlyCount "35"]
[EventDate "1997.10.25"]
[Source "4NCL"]
[SourceDate "1998.01.01"]

1. Nf3 Nf6 2. c4 g6 3. Nc3 Bg7 4. e4 O-O 5. d4 d6 6. Be2 e5 7. O-O exd4 8. Nxd4
Re8 9. f3 Nc6 10. Be3 Nh5 11. Qd2 Nf4 12. Rfd1 Nxd4 13. Bxd4 Qg5 14. Bf1 Bxd4+
15. Qxd4 Be6 16. Rac1 Bxc4 17. h4 Qg3 18. Qxc4 1/2-1/2

[Event "NCL978 NW Eagles-Slough"]
[Site "Rd1"]
[Date "1997.10.25"]
[Round "1.3"]
[White "Quillan, Gary"]
[Black "Pedersen, Steffen"]
[Result "1/2-1/2"]
[WhiteElo "2320"]
[BlackElo "2435"]
[PlyCount "71"]
[EventDate "1997.10.25"]
[Source "4NCL"]
[SourceDate "1998.01.01"]

1. e4 c5 2. Nf3 d6 3. Bb5+ Nd7 4. d4 Ngf6 5. Nc3 cxd4 6. Qxd4 e5 7. Qd3 h6 8.
h3 a6 9. Bxd7+ Bxd7 10. Be3 Be7 11. g4 Rc8 12. O-O-O Qa5 13. g5 hxg5 14. Bxg5
Rxc3 15. bxc3 Qa3+ 16. Kd2 Bb5 17. Qe3 O-O 18. Rhg1 Rc8 19. Bxf6 Bxf6 20. Rg3
d5 21. exd5 Rc5 22. Ng5 Rxd5+ 23. Ke1 Qxa2 24. Qe4 Rxd1+ 25. Kxd1 Qb1+ 26. Kd2
Qf1 27. Qf5 Bd7 28. Qh7+ Kf8 29. Ne4 Bc6 30. Qh8+ Ke7 31. Rd3 Bg5+ 32. Nxg5
Qxf2+ 33. Kc1 Qg1+ 34. Kb2 Qb6+ 35. Kc1 Qg1+ 36. Kb2 1/2-1/2

[Event "NCL978 NW Eagles-Slough"]
[Site "Rd1"]
[Date "1997.10.25"]
[Round "1.4"]
[White "Panczyk, Krzysztof"]
[Black "Lund, Brett"]
[Result "1/2-1/2"]
[WhiteElo "2385"]
[BlackElo "2285"]
[PlyCount "106"]
[EventDate "1997.10.25"]
[Source "4NCL"]
[SourceDate "1998.01.01"]

1. d4 d6 2. Nf3 f5 3. g3 Nf6 4. Bg2 g6 5. O-O Bg7 6. b3 O-O 7. Bb2 a5 8. a3 Qe8
9. Nbd2 Nc6 10. Nc4 e6 11. e3 Bd7 12. Qe2 Ne4 13. Rad1 a4 14. b4 d5 15. Ncd2
Ne7 16. c4 Nc8 17. Rfe1 Ncd6 18. Bf1 Nxd2 19. Nxd2 b5 20. c5 Nf7 21. Bg2 c6 22.
f4 g5 23. h3 h6 24. Kh2 Qe7 25. Rg1 Nh8 26. Bf3 Bf6 27. Rg2 Rf7 28. Bh5 Rg7 29.
Nf3 Be8 30. Bxe8 Qxe8 31. Ne5 Ng6 32. Rdg1 Nxe5 33. dxe5 Be7 34. g4 fxg4 35.
Rxg4 Qg6 36. fxg5 hxg5 37. e4 dxe4 38. Qxe4 Qxe4 39. Rxe4 Rd8 40. Rd4 Rxd4 41.
Bxd4 Kf7 42. Be3 Kg6 43. Rd1 Kf5 44. Bf2 Ke4 45. Bg3 Bf8 46. Rd8 Rf7 47. Kg2
Rf3 48. Rc8 Bg7 49. Rg8 Bf8 50. Bf2 Rf5 51. Bg3 {(Draw offer)} Kd5 52. Rg6 Be7
53. Rg7 Bf8 1/2-1/2

[Event "NCL978 NW Eagles-Slough"]
[Site "Rd1"]
[Date "1997.10.25"]
[Round "1.5"]
[White "James, Dale"]
[Black "Aagaard, Jacob"]
[Result "1/2-1/2"]
[WhiteElo "2240"]
[BlackElo "2435"]
[PlyCount "38"]
[EventDate "1997.10.25"]
[Source "4NCL"]
[SourceDate "1998.01.01"]

1. e4 c5 2. Nf3 e6 3. d4 cxd4 4. Nxd4 a6 5. Bd3 Bc5 6. c3 Nc6 7. Nb3 Be7 8. Qe2
Qc7 9. f4 d6 10. Be3 Nf6 11. N1d2 b6 12. O-O-O Nb4 13. Bb1 a5 14. Qc4 Nc6 15.
Nd4 Bd7 16. Nb5 Qb8 17. Qe2 Na7 18. Nxa7 Rxa7 19. Nc4 O-O 1/2-1/2

[Event "NCL978 NW Eagles-Slough"]
[Site "Rd1"]
[Date "1997.10.25"]
[Round "1.6"]
[White "Houska, Miroslav"]
[Black "Clarke, Stuart"]
[Result "1/2-1/2"]
[WhiteElo "2360"]
[BlackElo "2285"]
[PlyCount "114"]
[EventDate "1997.10.25"]
[Source "4NCL"]
[SourceDate "1998.01.01"]

1. e4 e6 2. d4 d5 3. Nc3 Bb4 4. a3 Bxc3+ 5. bxc3 dxe4 6. Qg4 Nf6 7. Qxg7 Rg8 8.
Qh6 b6 9. g3 Bb7 10. Bg2 Nbd7 11. Nh3 Rg6 12. Qe3 Qe7 13. O-O O-O-O 14. a4 e5
15. Ba3 Qe6 16. Rfe1 Ng4 17. Qe2 f5 18. dxe5 Qxe5 19. Nf4 Rc6 20. a5 Re8 21.
axb6 axb6 22. Bb4 Qg7 23. Ra7 Qh6 24. h3 Nge5 25. Qb5 Rc4 26. Nd5 c5 27. Ne3
Qe6 28. Nxc4 Qxc4 29. Qxc4 Nxc4 30. Rd1 Nde5 31. Ba3 Kb8 32. Rxb7+ Kxb7 33. Bc1
Kc6 34. g4 Nf3+ 35. Bxf3 exf3 36. gxf5 Rf8 37. Kh2 Rxf5 38. Kg3 Nd6 39. Re1 Kd5
40. Bf4 Ne4+ 41. Kg4 Rf7 42. c4+ Kd4 43. c3+ Nxc3 44. Be5+ Kxc4 45. Rc1 Kd5 46.
Bxc3 b5 47. Rb1 Kc4 48. Bd2 b4 49. Bf4 Kd3 50. Kxf3 Rxf4+ 51. Kxf4 Kc2 52. Rg1
c4 53. Ke3 c3 54. f4 b3 55. f5 b2 56. Kd4 Kb3 57. f6 c2 1/2-1/2

[Event "NCL978 NW Eagles-Slough"]
[Site "Rd1"]
[Date "1997.10.25"]
[Round "1.7"]
[White "Sheldon, Ruth"]
[Black "Smith, Andrew P"]
[Result "1-0"]
[WhiteElo "2295"]
[BlackElo "2255"]
[PlyCount "61"]
[EventDate "1997.10.25"]
[Source "4NCL"]
[SourceDate "1998.01.01"]

1. d4 b5 2. e4 a6 3. a4 Bb7 4. Nd2 Nf6 5. e5 Nd5 6. Ngf3 b4 7. Bd3 e6 8. O-O
Be7 9. Nc4 Nc6 10. Qe2 f5 11. exf6 Nxf6 12. Nce5 O-O 13. Bd2 Qe8 14. Rae1 Kh8
15. c4 bxc3 16. bxc3 a5 17. Ng5 Kg8 18. f4 Bd6 19. f5 h6 20. fxe6 hxg5 21. exd7
Qe6 22. Bc4 Nd5 23. Nxc6 Bxh2+ 24. Kxh2 Qxc6 25. Rxf8+ Rxf8 26. Qe8 Qd6+ 27.
Re5 Kh7 28. Bxd5 Bxd5 29. Bxg5 Bf7 30. Qxf8 Qxf8 31. d8=Q 1-0

[Event "NCL978 NW Eagles-Slough"]
[Site "Rd1"]
[Date "1997.10.25"]
[Round "1.8"]
[White "Houska, Jovanka"]
[Black "Giblin, William"]
[Result "1-0"]
[WhiteElo "2155"]
[BlackElo "2160"]
[PlyCount "55"]
[EventDate "1997.10.25"]
[Source "4NCL"]
[SourceDate "1998.01.01"]

1. e4 e5 2. Nf3 Nf6 3. Nxe5 d6 4. Nf3 Nxe4 5. h3 d5 6. d4 Bd6 7. Bd3 O-O 8. O-O
Bf5 9. c4 dxc4 10. Bxc4 Nd7 11. Nc3 c6 12. Re1 Nxc3 13. bxc3 Nb6 14. Bg5 Qd7
15. Bb3 Nd5 16. c4 Nf4 17. c5 Bb8 18. Re7 Qc8 19. Bxf4 Bxf4 20. Ne5 Bxe5 21.
dxe5 b5 22. Qd6 a5 23. a4 Bxh3 24. e6 bxa4 25. Rxa4 Bf5 26. Rxf7 Rxf7 27. exf7+
Kh8 28. Rf4 1-0

[Event "NCL978 Guildford-Bristol"]
[Site "Rd2"]
[Date "1997.10.26"]
[Round "2.1"]
[White "Povah, Nigel"]
[Black "Ansell, Simon"]
[Result "0-1"]
[WhiteElo "2325"]
[BlackElo "2390"]
[PlyCount "78"]
[EventDate "1997.10.26"]
[Source "4NCL"]
[SourceDate "1998.01.01"]

1. d4 Nf6 2. Bg5 e6 3. e4 h6 4. Bxf6 Qxf6 5. Nc3 d6 6. Qd2 c6 7. f4 e5 8. dxe5
dxe5 9. f5 Nd7 10. Nf3 Nb6 11. O-O-O Bd7 12. h4 O-O-O 13. Nb1 Kb8 14. Qc3 Bd6
15. Qb3 Qe7 16. a4 Bc8 17. a5 Nd7 18. Nbd2 Nf6 19. Bc4 g6 20. fxg6 fxg6 21. Bf7
Ng4 22. Rhf1 Bc5 23. Rde1 Ne3 24. Rxe3 Bxe3 25. Qxe3 Qxf7 26. Nxe5 Qa2 27. Nxg6
Rhg8 28. Qxh6 Rd6 29. h5 Rgd8 30. Qf4 Ka8 31. Nb1 Qxa5 32. g4 Be6 33. b3 Qc5
34. Kb2 a5 35. Nc3 Bxb3 36. Qe5 Qb4 37. Ra1 Bxc2+ 38. Kc1 Rd1+ 39. Nxd1 Qd2+
0-1

[Event "NCL978 Guildford-Bristol"]
[Site "Rd2"]
[Date "1997.10.26"]
[Round "2.2"]
[White "Baker, Chris W"]
[Black "Webb, Richard"]
[Result "1/2-1/2"]
[WhiteElo "2295"]
[BlackElo "2290"]
[PlyCount "48"]
[EventDate "1997.10.26"]
[Source "4NCL"]
[SourceDate "1998.01.01"]

1. d4 Nf6 2. c4 g6 3. Nc3 d5 4. Nf3 Bg7 5. cxd5 Nxd5 6. e4 Nxc3 7. bxc3 c5 8.
Bb5+ Bd7 9. Bxd7+ Qxd7 10. O-O cxd4 11. cxd4 Nc6 12. Be3 O-O 13. Rb1 e6 14. Qd2
b6 15. Bh6 Nxd4 16. Nxd4 Bxh6 17. Qxh6 Qxd4 18. Rfe1 Rfd8 19. h4 Rac8 20. Qf4
h5 21. Re2 Rc3 22. Kh2 Kg7 23. Rb5 a6 24. Rxb6 Qxb6 1/2-1/2

[Event "NCL978 Guildford-Bristol"]
[Site "Rd2"]
[Date "1997.10.26"]
[Round "2.3"]
[White "Kennaugh, Charles"]
[Black "Beaumont, Chris"]
[Result "1/2-1/2"]
[WhiteElo "2300"]
[BlackElo "2345"]
[PlyCount "117"]
[EventDate "1997.10.26"]
[Source "4NCL"]
[SourceDate "1998.01.01"]

1. e4 c5 2. b3 Nc6 3. Bb2 e5 4. f4 Nf6 5. Nf3 exf4 6. e5 Nh5 7. Qe2 Be7 8. Nc3
O-O 9. g4 fxg3 10. Nd5 Nb4 11. Nxb4 Nf4 12. Qe4 g2 13. Bxg2 Nxg2+ 14. Kf2 cxb4
15. Kxg2 d5 16. Qd3 Qd7 17. Rhg1 Qf5 18. Qxf5 Bxf5 19. Nd4 Bg6 20. Kf3 Bc5 21.
d3 f6 22. e6 Rfe8 23. Rge1 Rac8 24. Rac1 a6 25. h4 Bxd4 26. Bxd4 Rc6 27. Kg4
h5+ 28. Kf4 Rexe6 29. Rxe6 Rxe6 30. Rg1 Kf7 31. Rg2 Re1 32. Bc5 Ra1 33. Bxb4
Rxa2 34. Ke3 Bf5 35. Kd4 Be6 36. Bc3 Bg4 37. Bb4 Bd1 38. Kc3 b5 39. Rd2 Bg4 40.
Kd4 Be6 41. Rh2 Bg4 42. Bd6 Bd1 43. Kxd5 Bxc2 44. b4 Bxd3 45. Rxa2 Bc4+ 46. Ke4
Bxa2 47. Kf4 a5 48. bxa5 Bd5 49. a6 Ke6 50. Bf8 g6 51. Bb4 Bc6 52. Bc3 Bg2 53.
a7 Bc6 54. Bb4 Kd5 55. Bc3 Kc4 56. Bxf6 b4 57. Ke3 Bd5 58. Kd2 Kb5 59. Kc2
1/2-1/2

[Event "NCL978 Guildford-Bristol"]
[Site "Rd2"]
[Date "1997.10.26"]
[Round "2.4"]
[White "Burgess, Graham"]
[Black "Anderton, Matthew"]
[Result "1/2-1/2"]
[WhiteElo "2315"]
[BlackElo "2240"]
[PlyCount "53"]
[EventDate "1997.10.26"]
[Source "4NCL"]
[SourceDate "1998.01.01"]

1. d4 Nf6 2. Nf3 c5 3. d5 e6 4. c4 exd5 5. cxd5 d6 6. Nc3 g6 7. e4 a6 8. a4 Bg4
9. Be2 Bxf3 10. Bxf3 Nbd7 11. Bf4 Qe7 12. O-O Bg7 13. Re1 O-O 14. Qd2 Rab8 15.
a5 Rfc8 16. Na4 h5 17. Ra3 Ne8 18. Bh6 b5 19. axb6 Nxb6 20. Nxb6 Rxb6 21. Bxg7
Kxg7 22. Be2 Nc7 23. Bxh5 Rh8 24. Qc3+ Qf6 25. e5 dxe5 26. Qxc5 Nxd5 27. Qxd5
1/2-1/2

[Event "NCL978 Guildford-Bristol"]
[Site "Rd2"]
[Date "1997.10.26"]
[Round "2.5"]
[White "Thompson, Ian"]
[Black "Mah, Karl"]
[Result "0-1"]
[WhiteElo "2260"]
[BlackElo "2365"]
[PlyCount "142"]
[EventDate "1997.10.26"]
[Source "4NCL"]
[SourceDate "1998.01.01"]

1. c4 d6 2. Nc3 e5 3. g3 f5 4. d4 Nf6 5. dxe5 dxe5 6. Qxd8+ Kxd8 7. Nf3 e4 8.
Ng5 Ke8 9. h4 Bd6 10. Nb5 Be5 11. Bf4 Bxf4 12. gxf4 Na6 13. e3 h6 14. Nh3 c6
15. Nd4 Kf7 16. Ng1 Rd8 17. a3 c5 18. Nb5 Be6 19. Rd1 Rxd1+ 20. Kxd1 b6 21. Kc2
Bd7 22. Bh3 g6 23. Ne2 Bxb5 24. cxb5 Nc7 25. Nc3 h5 26. Rd1 Ke7 27. a4 Ng4 28.
Rd2 Rd8 29. Rxd8 Kxd8 30. Bxg4 hxg4 31. Kb3 Ke7 32. a5 Ke6 33. Kc4 Ne8 34. axb6
axb6 35. Na4 Nd6+ 36. Kb3 Nxb5 37. Nxb6 Nd4+ 38. Kc3 Ne2+ 39. Kc2 Ng1 40. Na4
Kd6 41. Nc3 Nf3 42. Nd1 Nxh4 43. Kc3 Nf3 44. b4 cxb4+ 45. Kxb4 Ne1 46. Kc4 Nd3
47. Kd4 Kc7 48. Kd5 Kd7 49. Kd4 Kd6 50. Kc4 Kc6 51. Kc3 Kb5 52. Kb3 Kc5 53. Kc3
Nb4 54. Kd2 Kc4 55. Nc3 Nd3 56. Na4 Nxf2 57. Nb6+ Kb3 58. Nd5 g3 59. Ke2 Ng4
60. Kf1 Kc4 61. Ne7 Nxe3+ 62. Kg1 Kd3 63. Nxg6 Ke2 64. Nh4 g2 65. Ng6 Kf3 66.
Ne7 Kxf4 67. Nc6 Kg5 68. Nd4 f4 69. Ne6+ Kg4 70. Nc5 Kf5 71. Nb3 f3 0-1

[Event "NCL978 Guildford-Bristol"]
[Site "Rd2"]
[Date "1997.10.26"]
[Round "2.6"]
[White "Cobb, Charles"]
[Black "Abayasekera, Roger"]
[Result "1-0"]
[WhiteElo "2290"]
[BlackElo "2230"]
[PlyCount "97"]
[EventDate "1997.10.26"]
[Source "4NCL"]
[SourceDate "1998.01.01"]

1. Nf3 Nf6 2. c4 e6 3. g3 b6 4. Bg2 Bb7 5. O-O c5 6. Nc3 d6 7. a3 Be7 8. b4 O-O
9. Bb2 Nc6 10. Qb3 Qd7 11. d3 Nd4 12. Nxd4 cxd4 13. Ne4 Nxe4 14. Bxe4 e5 15.
Bxb7 Qxb7 16. e3 dxe3 17. fxe3 Bg5 18. Rae1 Kh8 19. e4 Rae8 20. Rf5 Bh6 21.
Ref1 Qe7 22. Kg2 f6 23. R5f3 Qe6 24. a4 a6 25. b5 a5 26. Qc2 Rb8 27. Ba3 Rfc8
28. Qf2 Kg8 29. Rf5 Rc7 30. Qe2 Rbb7 31. Bb2 Rb8 32. Bc3 Re7 33. Be1 Bc1 34.
Bxa5 Ba3 35. Bd2 Bc5 36. Ra1 Ra8 37. a5 bxa5 38. Rxa5 Rea7 39. Rxa7 Rxa7 40.
Be3 Qc8 41. Rf2 Ra4 42. Bxc5 Qxc5 43. Qg4 Kf8 44. Qd7 Ra3 45. Qd8+ Kf7 46. b6
Rb3 47. Qd7+ Kg6 48. Qe8+ Kh6 49. Rf5 1-0

[Event "NCL978 Guildford-Bristol"]
[Site "Rd2"]
[Date "1997.10.26"]
[Round "2.8"]
[White "Buckley, Melanie"]
[Black "Ashby, Ann-Marie"]
[Result "1/2-1/2"]
[WhiteElo "2025"]
[BlackElo "2115"]
[PlyCount "37"]
[EventDate "1997.10.26"]
[Source "4NCL"]
[SourceDate "1998.01.01"]

1. e4 e6 2. Nc3 d5 3. Nf3 Nf6 4. e5 Nfd7 5. d4 c5 6. dxc5 Bxc5 7. Bd3 Nc6 8.
Bf4 f6 9. exf6 Nxf6 10. O-O O-O 11. Ne5 a6 12. Nxc6 bxc6 13. Qe2 Ra7 14. Na4
Bd6 15. Bxd6 Qxd6 16. Rae1 Re7 17. f4 Qb4 18. b3 a5 19. c3 1/2-1/2

[Event "NCL978 Northumbria-Wood Green"]
[Site "Rd2"]
[Date "1997.??.??"]
[Round "2.1"]
[White "Richardson, John"]
[Black "Emms, John"]
[Result "0-1"]
[WhiteElo "2260"]
[BlackElo "2530"]
[PlyCount "72"]
[EventDate "1997.10.26"]
[Source "4NCL"]
[SourceDate "1998.01.01"]

1. d4 Nf6 2. c4 e6 3. Nc3 Bb4 4. Qc2 O-O 5. Nf3 c5 6. dxc5 Na6 7. a3 Bxc3+ 8.
Qxc3 Nxc5 9. e3 b6 10. Be2 Bb7 11. b4 Nce4 12. Qd4 Qe7 13. O-O d5 14. cxd5 Rfd8
15. Bd2 Rxd5 16. Qb2 Nxd2 17. Nxd2 Rad8 18. Rfd1 h6 19. Nf3 Rxd1+ 20. Rxd1
Rxd1+ 21. Bxd1 Qd6 22. Qd4 Qc7 23. h3 Qc1 24. Kh2 Bd5 25. Ne5 Ne4 26. Bf3 Nd2
27. Nd3 Qc7+ 28. Qe5 Nxf3+ 29. gxf3 Qc2 30. Qd4 Bc4 31. Ne5 Qxf2+ 32. Kh1 Qf1+
33. Kh2 Qf2+ 34. Kh1 Bf1 35. Qg4 Qxe3 36. f4 Bxh3 0-1

[Event "NCL978 Northumbria-Wood Green"]
[Site "Rd2"]
[Date "1997.??.??"]
[Round "2.2"]
[White "Ward, Chris"]
[Black "Berry, Jonathan"]
[Result "1-0"]
[WhiteElo "2485"]
[BlackElo "2310"]
[PlyCount "169"]
[EventDate "1997.10.26"]
[Source "4NCL"]
[SourceDate "1998.01.01"]

1. d4 Nf6 2. c4 e6 3. Nc3 Bb4 4. g3 c5 5. Nf3 O-O 6. Bg2 d6 7. O-O Nc6 8. d5
Bxc3 9. dxc6 Ba5 10. Nd4 d5 11. cxb7 Bxb7 12. Nb3 Bb6 13. Bg5 h6 14. Bxf6 Qxf6
15. Qc2 Rac8 16. a4 dxc4 17. Nd2 Ba6 18. a5 Bc7 19. Ne4 Qe7 20. Rfc1 Rb8 21. e3
Rb4 22. Bf1 Rfb8 23. Ra2 Be5 24. Rb1 Bb7 25. Nd2 c3 26. bxc3 Rxb1 27. Nxb1 Qc7
28. Nd2 Qc6 29. f3 Ba8 30. Be2 Qd5 31. Bc4 Qd6 32. Kf2 Rd8 33. Be2 Qe7 34. Bd3
Qd7 35. Be4 Bd5 36. c4 Bxe4 37. Nxe4 Qc7 38. Ke2 f5 39. Nf2 Qd6 40. Ra3 Qc7 41.
a6 Rd6 42. Qa4 Qc8 43. Nd3 Bf6 44. Qb5 Rb6 45. Qxc5 Qxc5 46. Nxc5 Be7 47. Ra5
Bxc5 48. Rxc5 Rxa6 49. Rc7 Ra1 50. Kd3 a5 51. f4 a4 52. Ra7 a3 53. Kd4 a2 54.
Ke5 Rc1 55. Rxa2 Rxc4 56. Kxe6 Re4+ 57. Kxf5 Rxe3 58. g4 Rb3 59. Ra5 Kh7 60. h4
g6+ 61. Ke5 Rb7 62. Ra6 Kg7 63. f5 gxf5 64. gxf5 h5 65. Kf4 Rc7 66. Kg5 Rb7 67.
Rg6+ Kh7 68. Rh6+ Kg8 69. Kxh5 Ra7 70. Rb6 Kh7 71. Kg5 Rc7 72. Kf6 Ra7 73. Re6
Kh6 74. Re7 Ra6+ 75. Kf7 Ra1 76. f6 Rf1 77. Re8 Kh7 78. Re5 Kh6 79. Ke7 Ra1 80.
f7 Ra7+ 81. Kf6 Ra6+ 82. Re6 Ra8 83. Re8 Ra6+ 84. Ke5 Ra5+ 85. Kd4 1-0

[Event "NCL978 Northumbria-Wood Green"]
[Site "Rd2"]
[Date "1997.??.??"]
[Round "2.3"]
[White "Ledger, Stephen"]
[Black "Pein, Malcolm"]
[Result "0-1"]
[WhiteElo "2230"]
[BlackElo "2430"]
[PlyCount "68"]
[EventDate "1997.10.26"]
[Source "4NCL"]
[SourceDate "1998.01.01"]

1. d4 Nf6 2. Nf3 g6 3. Bf4 d6 4. e3 Nh5 5. Bg5 h6 6. Bh4 g5 7. Bg3 Bg7 8. Bc4
e6 9. c3 Nd7 10. Nbd2 Qe7 11. Qe2 f5 12. O-O-O Ndf6 13. Ne1 Bd7 14. f3 Nxg3 15.
hxg3 d5 16. Bb3 e5 17. Qf2 e4 18. Nc2 O-O-O 19. c4 c6 20. a4 Kb8 21. a5 Bc8 22.
Ba4 c5 23. Rhe1 a6 24. Qf1 Qc7 25. Nb3 cxd4 26. Rxd4 Nd7 27. Rxd5 Ne5 28. Rxe5
Qxe5 29. Ncd4 exf3 30. gxf3 f4 31. gxf4 gxf4 32. c5 fxe3 33. c6 Rxd4 34. Nxd4
Qxd4 0-1

[Event "NCL978 Northumbria-Wood Green"]
[Site "Rd2"]
[Date "1997.??.??"]
[Round "2.4"]
[White "Littlewood, Paul"]
[Black "Ledger, David"]
[Result "1-0"]
[WhiteElo "2435"]
[BlackElo "2230"]
[PlyCount "83"]
[EventDate "1997.10.26"]
[Source "4NCL"]
[SourceDate "1998.01.01"]

1. d4 Nf6 2. c4 g6 3. Nc3 Bg7 4. e4 d6 5. Be2 O-O 6. Nf3 e5 7. O-O Nc6 8. d5
Ne7 9. b4 Nh5 10. Re1 h6 11. Nd2 Nf4 12. Bf1 f5 13. g3 Nh5 14. c5 Nf6 15. Bg2
f4 16. Nc4 g5 17. a4 Ng6 18. Ba3 Rf7 19. b5 Bf8 20. b6 axb6 21. cxb6 cxb6 22.
Qb3 Nd7 23. Ra2 Qf6 24. Nb5 Nc5 25. Bxc5 bxc5 26. Nb6 Rb8 27. Nxc8 Rxc8 28. Bh3
Nh4 29. Bxc8 fxg3 30. hxg3 Nf3+ 31. Kf1 Rg7 32. Re3 g4 33. Kg2 Nd4 34. Qd1 h5
35. Qh1 Qh6 36. Qd1 Kh8 37. Nxd4 exd4 38. Re1 Rg5 39. Rb2 Qf6 40. Qd3 c4 41.
Qxc4 h4 42. Qd3 1-0

[Event "NCL978 Northumbria-Wood Green"]
[Site "Rd2"]
[Date "1997.??.??"]
[Round "2.6"]
[White "Sowray, Peter"]
[Black "Waters, Clive"]
[Result "1-0"]
[WhiteElo "2350"]
[BlackElo "2180"]
[PlyCount "77"]
[EventDate "1997.10.26"]
[Source "4NCL"]
[SourceDate "1998.01.01"]

1. e4 Nf6 2. e5 Nd5 3. d4 d6 4. c4 Nb6 5. exd6 cxd6 6. Nc3 g6 7. Be3 Bg7 8. Rc1
O-O 9. b3 f5 10. d5 N8d7 11. Nf3 f4 12. Bd4 Ne5 13. Bxe5 dxe5 14. Ne4 Bf5 15.
Bd3 Nd7 16. O-O Qa5 17. Qe2 Rfc8 18. Qb2 Qd8 19. b4 a5 20. a3 axb4 21. axb4 Ra4
22. Qb3 Rca8 23. c5 Ra3 24. Qc4 h6 25. Rfd1 Kh8 26. d6 e6 27. Bb1 g5 28. Nfd2
g4 29. b5 R8a4 30. Qf1 Rb4 31. c6 bxc6 32. bxc6 Nb6 33. c7 Qd7 34. Nc4 Rxb1 35.
Nxb6 Rxc1 36. Rxc1 Qf7 37. c8=Q+ Kh7 38. Rc7 Qh5 39. Nf6+ 1-0

[Event "NCL978 Richmond-SW Dragons"]
[Site "Rd2"]
[Date "1997.10.26"]
[Round "2.1"]
[White "McShane, Luke"]
[Black "Cummings, David"]
[Result "1-0"]
[WhiteElo "2455"]
[BlackElo "2370"]
[PlyCount "115"]
[EventDate "1997.10.26"]
[Source "4NCL"]
[SourceDate "1998.01.01"]

1. e4 c5 2. Nf3 e6 3. d3 d5 4. Nbd2 Nc6 5. g3 Nge7 6. Bg2 g6 7. O-O Bg7 8. Re1
O-O 9. Qe2 Qc7 10. c3 b6 11. Nf1 dxe4 12. dxe4 a5 13. a4 Ba6 14. Qc2 Rad8 15.
Rd1 Rxd1 16. Qxd1 Rd8 17. N1d2 Ne5 18. Nxe5 Qxe5 19. Bf1 Bxf1 20. Qxf1 Qh5 21.
f3 f5 22. exf5 gxf5 23. Nc4 Nd5 24. Bd2 f4 25. g4 Qg6 26. Qb1 Kf7 27. Qe4 h5
28. h3 hxg4 29. Qxg6+ Kxg6 30. hxg4 e5 31. Kg2 Ne7 32. Re1 Nc8 33. Bc1 Rd5 34.
Rh1 Bf6 35. Rh5 Rd1 36. Rh1 Rd5 37. Kf2 Rd7 38. Ke2 Rd8 39. Rh5 Re8 40. Kd3
Rd8+ 41. Kc2 Re8 42. Rh2 Rd8 43. Re2 Rd5 44. Bd2 Kf7 45. Rh2 Kg6 46. Rh5 Ne7
47. Nxb6 Rd8 48. Nc4 Nc6 49. Rh2 Rd7 50. Be1 e4 51. fxe4 f3 52. Rh3 Re7 53. Kd3
Rd7+ 54. Ke3 Rd1 55. Bh4 Ne5 56. Nxe5+ Bxe5 57. Rxf3 c4 58. Rf5 1-0

[Event "NCL978 Richmond-SW Dragons"]
[Site "Rd2"]
[Date "1997.10.26"]
[Round "2.2"]
[White "Cooper, John"]
[Black "Bates, Richard"]
[Result "0-1"]
[WhiteElo "2335"]
[BlackElo "2345"]
[PlyCount "66"]
[EventDate "1997.10.26"]
[Source "4NCL"]
[SourceDate "1998.01.01"]

1. d4 Nf6 2. c4 g6 3. Nc3 Bg7 4. e4 d6 5. Nf3 O-O 6. Be2 e5 7. d5 Na6 8. Nd2 c5
9. h4 h5 10. Nf1 Nh7 11. Bd2 Bd7 12. Qc1 Nc7 13. Bh6 a6 14. a4 b5 15. Bxg7 Kxg7
16. Ne3 b4 17. Ncd1 f5 18. exf5 Bxf5 19. Nxf5+ Rxf5 20. g3 Qf6 21. b3 Rf8 22.
Qe3 e4 23. Ra2 Qe5 24. Kf1 Nf6 25. Kg2 Ncxd5 26. cxd5 Nxd5 27. Qc1 Nc3 28. Rc2
d5 29. Bxa6 d4 30. Nxc3 bxc3 31. Re1 e3 32. fxe3 d3 33. Bxd3 Rf3 0-1

[Event "NCL978 Richmond-SW Dragons"]
[Site "Rd2"]
[Date "1997.10.26"]
[Round "2.3"]
[White "Williams, Simon"]
[Black "Dineley, Richard"]
[Result "0-1"]
[WhiteElo "2310"]
[BlackElo "2270"]
[PlyCount "96"]
[EventDate "1997.10.26"]
[Source "4NCL"]
[SourceDate "1998.01.01"]

1. f4 d5 2. Nf3 Nf6 3. e3 g6 4. d4 Bg7 5. c4 O-O 6. Nc3 c6 7. Bd3 b6 8. Ne5 Bb7
9. O-O Nbd7 10. Qb3 e6 11. c5 Qc7 12. Na4 bxc5 13. Nxc5 Nxc5 14. dxc5 Rfb8 15.
Qc2 a5 16. Qe2 Qc8 17. e4 Ba6 18. exd5 Bxd3 19. Qxd3 cxd5 20. Be3 Nd7 21. Nxd7
Qxd7 22. Bd4 Bxd4+ 23. Qxd4 Rb4 24. Qf2 Rab8 25. Rab1 Qb5 26. Rfc1 Rxb2 27.
Rxb2 Qxb2 28. Qxb2 Rxb2 29. c6 Rb8 30. Rc5 Rc8 31. g4 Kf8 32. g5 Ke7 33. Rxa5
Rc7 34. Ra8 Kd6 35. Rh8 Rxc6 36. Rxh7 Ke7 37. Rh3 Rc1+ 38. Kf2 Rc2+ 39. Ke1
Rxa2 40. Rh7 Ra4 41. f5 exf5 42. Ke2 Rg4 43. h4 Rg3 44. Rh8 Rh3 45. Kf2 d4 46.
Kg2 d3 47. Kf2 Rh2+ 48. Ke1 f4 0-1

[Event "NCL978 Richmond-SW Dragons"]
[Site "Rd2"]
[Date "1997.10.26"]
[Round "2.4"]
[White "Morris, Charles"]
[Black "Wall, Gavin"]
[Result "1/2-1/2"]
[WhiteElo "2245"]
[BlackElo "2330"]
[PlyCount "74"]
[EventDate "1997.10.26"]
[Source "4NCL"]
[SourceDate "1998.01.01"]

1. c4 g6 2. g3 Bg7 3. Bg2 c5 4. Nc3 Nc6 5. a3 d6 6. Rb1 a5 7. e4 Nf6 8. Nge2
O-O 9. d3 Ne8 10. O-O Nc7 11. h3 Rb8 12. a4 e6 13. Be3 Nd4 14. Bxd4 cxd4 15.
Nb5 Nxb5 16. axb5 b6 17. b4 axb4 18. Qa4 Bb7 19. Qxb4 Re8 20. Nc1 f5 21. exf5
gxf5 22. Re1 e5 23. Qb3 Kh8 24. Qd1 d5 25. cxd5 Bxd5 26. Bxd5 Qxd5 27. Qh5 Rf8
28. Nb3 Rbc8 29. Nd2 Rc3 30. Nf3 Rxd3 31. Ng5 h6 32. Ra1 Kg8 33. Ra7 hxg5 34.
Rxg7+ Kxg7 35. Qxg5+ Kh7 36. Qh5+ Kg7 37. Qg5+ Kh7 1/2-1/2

[Event "NCL978 Richmond-SW Dragons"]
[Site "Rd2"]
[Date "1997.10.26"]
[Round "2.5"]
[White "Phillips, Roy"]
[Black "Saunders, John"]
[Result "1-0"]
[WhiteElo "2230"]
[BlackElo "2225"]
[PlyCount "71"]
[EventDate "1997.10.26"]
[Source "4NCL"]
[SourceDate "1998.01.01"]

1. d4 g6 2. Nf3 Bg7 3. c4 d6 4. Nc3 Nf6 5. e4 O-O 6. Be2 e5 7. d5 a5 8. Be3 Ng4
9. Bg5 f6 10. Bh4 Na6 11. O-O Qe8 12. Nd2 Nh6 13. f3 Bd7 14. b3 Qc8 15. a3 g5
16. Bf2 g4 17. Qb1 gxf3 18. Bxf3 Nc5 19. Ra2 Bg4 20. b4 axb4 21. axb4 Rxa2 22.
Nxa2 Nd7 23. h3 Bxf3 24. Nxf3 f5 25. Ng5 Nf6 26. Nc3 f4 27. Ne6 Rf7 28. Nb5 Ne8
29. c5 Qd7 30. Qd3 c6 31. Nxd6 Nxd6 32. cxd6 Qxd6 33. Ra1 Kh8 34. Ra8+ Ng8 35.
Bc5 Qd7 36. Rd8 1-0